000 00635nam a2200241Ia 4500
001 42422
005 20240114003504.0
007 ta
008 080625s95pg g b000 u 903 u
040 _aCotton College Assam
041 _a903
082 _a420
_bWo 83 De
100 _aWolfreys, Julian .
245 0 _aThe Derrida Reader Writing Performances /
_cJulian Wolfreys.
_hTextual Documents
250 _aist ed /
260 _aLincoln :
_bNebraska ,
_c595pg.
300 _a595pg ;
_c23cm.
653 _aEnglish Literature
653 _aG-English
942 _2ddc
_cBK
999 _c42388
_d42388